Hacia una identidad mestiza /
Guardado en:
| Autor principal: | |
|---|---|
| Formato: | Desconocido |
| Publicado: |
La Habana:
Editorial de Ciencias Sociales,
|
| Materias: | |
| Etiquetas: |
Agregar Etiqueta
Sin Etiquetas, Sea el primero en etiquetar este registro!
|
MARC
| LEADER | 00000 a2200000 04500 | ||
|---|---|---|---|
| 001 | 39046 | ||
| 003 | cru CIDCACS/IIS | ||
| 005 | 20200925160238.0 | ||
| 008 | 991231s d | ||
| 020 | |a 978-959-06-1023-3 | ||
| 040 | |c CRAI/IIS |a CRAI/IIS | ||
| 090 | |a 05.02.01 D618d | ||
| 100 | 1 | |9 4921 |a Fabelo Corzo, José Ramón | |
| 245 | |a Hacia una identidad mestiza / |c José Ramón Fabelo Corzo | ||
| 260 | |a La Habana: |b Editorial de Ciencias Sociales, | ||
| 300 | |a Páginas 44-69 | ||
| 650 | |a ASPECTOS SOCIALES | ||
| 650 | |a INTEGRACION REGIONAL | ||
| 650 | |a CONFLICTOS SOCIALES | ||
| 650 | |a MOVIMIENTOS SOCIALES | ||
| 773 | 0 | |0 948 |9 1023 |a Instituto de Filosofía |d La Habana: Editorial de Ciencias Sociales |o 06307 |t Diversidad, identidad y articulación: |w (cru CIDCACS/IIS)39038 |z 978-959-06-1023-3 | |
| 942 | |2 ddc |c LI | ||
| 999 | |c 4960 |d 4960 | ||



